[Event "Cali Valle Colombia op-A"]
[Site "Cali Valle Colombia"]
[Date "2022.12.29"]
[Round "8"]
[White "Salcedo, Jackeline"]
[Black "Vargas, Mauricio"]
[Result "1-0"]
[WhiteElo "1962"]
[BlackElo "2125"]
[PlyCount "77"]
[EventDate "2022.12.26"]
[EventType "swiss"]
[EventRounds "9"]
[EventCountry "COL"]
[SourceTitle "CBM 211 Extra"]
[Source "ChessBase"]
[SourceDate "2023.01.31"]
[SourceVersion "1"]
[SourceVersionDate "2023.01.31"]
[SourceQuality "1"]

1. c4 e6 2. Nc3 d5 3. d4 Nf6 4. Nf3 c6 5. cxd5 exd5 6. Qc2 Bd6 7. Bg5 0-0 8. e3 h6 9. Bh4 Re8 10. Bd3 a5 11. 0-0 Be6 12. Ne5 Na6 13. a3 c5 14. Nb5 c4 15. Bh7+ Kh8 16. Bf5 Kg8 17. Nxd6 Qxd6 18. Bxf6 gxf6 19. Nf3 Qf8 20. Nh4 Qg7 21. f4 Nc7 22. Rf3 Kf8 23. Rg3 Qh8 24. Re1 Nb5 25. Bxe6 Rxe6 26. Qf5 Rd6 27. a4 Na7 28. e4 Re8 29. e5 Rde6 30. Rd1 Nc6 31. b3 Ne7 32. Qh5 Rc6 33. bxc4 Rxc4 34. e6 Qh7 35. exf7 Rec8 36. Ng6+ Nxg6 37. Rxg6 Rc1 38. Rg8+ Ke7 39. Re8+ 1-0

[Event "Cali Valle Colombia op-A"]
[Site "Cali Valle Colombia"]
[Date "2022.12.28"]
[Round "6"]
[White "Salcedo, Jackeline"]
[Black "Mogollon Tobar, Nicolle Juliet"]
[Result "0-1"]
[WhiteElo "1962"]
[BlackElo "1899"]
[PlyCount "66"]
[EventDate "2022.12.26"]
[EventType "swiss"]
[EventRounds "9"]
[EventCountry "COL"]
[SourceTitle "CBM 211 Extra"]
[Source "ChessBase"]
[SourceDate "2023.01.31"]
[SourceVersion "1"]
[SourceVersionDate "2023.01.31"]
[SourceQuality "1"]

1. c4 Nf6 2. Nc3 g6 3. e4 d6 4. d4 Bg7 5. Bg5 0-0 6. Qd2 Nbd7 7. Bh6 e5 8. Bxg7 Kxg7 9. Be2 c6 10. g4 Qb6 11. g5 Ng8 12. 0-0-0 a5 13. h4 a4 14. f4 f5 15. c5 dxc5 16. dxe5 a3 17. b3 Qb4 18. exf5 Rxf5 19. Nh3 Nb6 20. Nb1 Nd5 21. Rdf1 Rf8 22. Bc4 Nge7 23. h5 Bf5 24. hxg6 hxg6 25. Rh2 Rad8 26. Qf2 Nc3 27. Ng1 Rh8 28. Rxh8 Rxh8 29. Nd2 Nxa2+ 30. Kd1 Nc3+ 31. Kc1 a2 32. Kb2 Na4+ 33. Kxa2 Ra8 0-1

[Event "Cali Valle Colombia op-A"]
[Site "Cali Valle Colombia"]
[Date "2022.12.27"]
[Round "4"]
[White "Salcedo, Jackeline"]
[Black "Pazos Gambarrotti, Plinio Efrain"]
[Result "1-0"]
[WhiteElo "1962"]
[BlackElo "2083"]
[PlyCount "99"]
[EventDate "2022.12.26"]
[EventType "swiss"]
[EventRounds "9"]
[EventCountry "COL"]
[SourceTitle "CBM 211 Extra"]
[Source "ChessBase"]
[SourceDate "2023.01.31"]
[SourceVersion "1"]
[SourceVersionDate "2023.01.31"]
[SourceQuality "1"]

1. c4 e6 2. Nc3 d5 3. d4 Nf6 4. cxd5 Nxd5 5. e4 Nxc3 6. bxc3 c5 7. Nf3 cxd4 8. cxd4 Bb4+ 9. Bd2 Bxd2+ 10. Qxd2 0-0 11. Be2 b6 12. 0-0 Bb7 13. Qe3 Nc6 14. Rac1 Rc8 15. Rfd1 Qd6 16. e5 Qb8 17. Ng5 Ne7 18. Qh3 h6 19. Nxe6 fxe6 20. Qxe6+ Rf7 21. Rxc8+ Bxc8 22. Qb3 Kf8 23. Bc4 Rf5 24. Qa3 b5 25. Bb3 Qb6 26. Bc2 Rf4 27. Qb4 a5 28. Qd2 g5 29. g3 Rf7 30. Be4 Be6 31. h4 Nd5 32. hxg5 hxg5 33. Rc1 Ne7 34. Rc5 Rg7 35. Qe2 b4 36. Qc2 b3 37. axb3 Bxb3 38. Qc3 Rf7 39. Qxa5 Qe6 40. Qd8+ Kg7 41. Qd6 Qg4 42. e6 Bxe6 43. Qe5+ Kf8 44. f3 Qh3 45. Rc2 Bd7 46. Rh2 Qe6 47. Qxg5 Qb3 48. Rh8+ Ng8 49. Qd8+ Be8 50. Bd5 1-0

[Event "COL-chT Blitz (Women)"]
[Site "Santa Marta"]
[Date "2022.11.07"]
[Round "7.4"]
[White "Corredor Agamez, Michelle"]
[Black "Salcedo, Jackeline"]
[Result "0-1"]
[WhiteElo "1166"]
[BlackElo "1995"]
[PlyCount "56"]
[EventDate "2022.11.07"]
[EventType "team-swiss"]
[EventRounds "9"]
[EventCountry "COL"]
[SourceTitle "CBM 211 Extra"]
[Source "ChessBase"]
[SourceDate "2023.01.31"]
[SourceVersion "1"]
[SourceVersionDate "2023.01.31"]
[SourceQuality "1"]
[WhiteTeam "San Andres Isla (W)"]
[BlackTeam "Valle (W)"]
[WhiteTeamCountry "COL"]
[BlackTeamCountry "COL"]

1. e4 e6 2. Nf3 d5 3. exd5 exd5 4. d4 Bg4 5. h3 Bh5 6. Be2 Bd6 7. Nc3 c6 8. Be3 Nd7 9. Qd2 Ngf6 10. 0-0-0 Bg6 11. g4 Qc7 12. a3 0-0-0 13. g5 Ne4 14. Nxe4 Bxe4 15. Rhe1 Bxf3 16. Bxf3 Rhe8 17. Qc3 Kb8 18. Qb3 Bf4 19. Rd3 Bxg5 20. Be2 Bxe3+ 21. fxe3 Nb6 22. Kb1 Qg3 23. e4 Qxe1+ 24. Ka2 Qxe2 25. Re3 Qc4 26. Qxc4 Nxc4 27. Rc3 Rxe4 28. b3 Re3 0-1

[Event "COL-chT Rapid (Women)"]
[Site "Santa Marta"]
[Date "2022.11.05"]
[Round "6.2"]
[White "Moncada Correa, Sara"]
[Black "Salcedo, Jackeline"]
[Result "1-0"]
[WhiteElo "1924"]
[BlackElo "1906"]
[PlyCount "71"]
[EventDate "2022.11.02"]
[EventType "team-swiss"]
[EventRounds "7"]
[EventCountry "COL"]
[SourceTitle "CBM 211 Extra"]
[Source "ChessBase"]
[SourceDate "2023.01.31"]
[SourceVersion "1"]
[SourceVersionDate "2023.01.31"]
[SourceQuality "1"]
[WhiteTeam "Antioquia (W)"]
[BlackTeam "Valle (W)"]
[WhiteTeamCountry "COL"]
[BlackTeamCountry "COL"]

1. d4 Nf6 2. c4 c5 3. d5 b5 4. Qc2 b4 5. e4 d6 6. f4 g6 7. Nf3 Bg7 8. Bd3 Nfd7 9. 0-0 a5 10. Re1 Qc7 11. Nbd2 0-0 12. Rb1 e6 13. Nf1 exd5 14. cxd5 Ba6 15. Ne3 Re8 16. b3 Bxd3 17. Qxd3 Bc3 18. Bd2 Bg7 19. Nc4 Nb6 20. e5 Nxc4 21. bxc4 Na6 22. Re2 a4 23. Rbe1 Qb6 24. e6 f6 25. f5 b3 26. fxg6 h6 27. Qf5 Re7 28. Bc3 Rf8 29. Nh4 bxa2 30. Qh5 Qb3 31. Ba1 Qxc4 32. Nf5 Rb7 33. e7 Re8 34. Nxd6 Qf4 35. Nxb7 Nb4 36. d6 1-0

[Event "COL-chT (Women)"]
[Site "Santa Marta"]
[Date "2022.11.04"]
[Round "4.3"]
[White "Gomez Guardo, Laura Melissa"]
[Black "Salcedo, Jackeline"]
[Result "1-0"]
[WhiteElo "1871"]
[BlackElo "1991"]
[PlyCount "97"]
[EventDate "2022.11.02"]
[EventType "team-swiss"]
[EventRounds "7"]
[EventCountry "COL"]
[SourceTitle "CBM 211 Extra"]
[Source "ChessBase"]
[SourceDate "2023.01.31"]
[SourceVersion "1"]
[SourceVersionDate "2023.01.31"]
[SourceQuality "1"]
[WhiteTeam "Bolivar (W)"]
[BlackTeam "Valle (W)"]
[WhiteTeamCountry "COL"]
[BlackTeamCountry "COL"]

1. d4 Nf6 2. c4 c5 3. d5 b5 4. Qc2 b4 5. e4 d6 6. f4 g6 7. h3 Bg7 8. Be3 Nfd7 9. Nf3 a5 10. Nbd2 a4 11. Rd1 Qa5 12. Bd3 b3 13. axb3 axb3 14. Qxb3 Na6 15. 0-0 Rb8 16. Qa3 Qc7 17. b3 Nb4 18. Bb1 Bb7 19. e5 dxe5 20. fxe5 Ra8 21. Qc1 Nxe5 22. Nxe5 Bxe5 23. Nf3 Bg7 24. Bf4 Qa5 25. d6 0-0 26. dxe7 Rfe8 27. Rde1 Bxf3 28. Rxf3 Na2 29. Bxa2 Qxa2 30. Kh2 Qa1 31. Qxa1 Rxa1 32. Rxa1 Bxa1 33. Bd6 Bd4 34. Rd3 f6 35. g3 Ra8 36. Bxc5 Ra2+ 37. Kh1 Ra1+ 38. Kg2 Ra2+ 39. Kf3 Bxc5 40. e8Q+ Kg7 41. Qd7+ Kh6 42. Rd2 Ra1 43. Qg4 Rf1+ 44. Ke2 Rf2+ 45. Kd1 Rf1+ 46. Kc2 g5 47. h4 Be3 48. hxg5+ Bxg5 49. Qh3+ 1-0

[Event "COL-chT Rapid (Women)"]
[Site "Santa Marta"]
[Date "2022.11.03"]
[Round "2.2"]
[White "Salcedo, Jackeline"]
[Black "Hernandez Bermudez, Manuela"]
[Result "1-0"]
[WhiteElo "1906"]
[BlackElo "1781"]
[PlyCount "69"]
[EventDate "2022.11.02"]
[EventType "team-swiss"]
[EventRounds "7"]
[EventCountry "COL"]
[SourceTitle "CBM 211 Extra"]
[Source "ChessBase"]
[SourceDate "2023.01.31"]
[SourceVersion "1"]
[SourceVersionDate "2023.01.31"]
[SourceQuality "1"]
[WhiteTeam "Valle (W)"]
[BlackTeam "Risaralda (W)"]
[WhiteTeamCountry "COL"]
[BlackTeamCountry "COL"]

1. c4 Nf6 2. Nc3 d5 3. cxd5 Nxd5 4. e4 Nxc3 5. bxc3 g6 6. Bc4 Bg7 7. Nf3 0-0 8. Rb1 c5 9. d4 Bg4 10. Rxb7 cxd4 11. cxd4 Bxf3 12. Qxf3 Qxd4 13. Bb3 Nc6 14. 0-0 Bf6 15. Bb2 Qxb2 16. Bxf7+ Rxf7 17. Rxb2 Bxb2 18. Qb3 Bd4 19. Qb7 Rb8 20. Qxc6 Bxf2+ 21. Kh1 e5 22. Qd5 Rc8 23. h4 Rc5 24. Qa8+ Rf8 25. Qb7 Rf7 26. Qb3 Kg7 27. Qe6 Rf8 28. Qe7+ Rf7 29. Qe6 Rf8 30. h5 gxh5 31. Qe7+ Rf7 32. Qg5+ Kf8 33. Rb1 Rc8 34. Qxe5 h4 35. Qh8+ 1-0

[Event "COL-chT Rapid (Women)"]
[Site "Santa Marta"]
[Date "2022.11.02"]
[Round "1.2"]
[White "Velez Alvarez, Laura Camila"]
[Black "Salcedo, Jackeline"]
[Result "0-1"]
[WhiteElo "1762"]
[BlackElo "1906"]
[PlyCount "80"]
[EventDate "2022.11.02"]
[EventType "team-swiss"]
[EventRounds "7"]
[EventCountry "COL"]
[SourceTitle "CBM 211 Extra"]
[Source "ChessBase"]
[SourceDate "2023.01.31"]
[SourceVersion "1"]
[SourceVersionDate "2023.01.31"]
[SourceQuality "1"]
[WhiteTeam "Caqueta (W)"]
[BlackTeam "Valle (W)"]
[WhiteTeamCountry "COL"]
[BlackTeamCountry "COL"]

1. e4 c5 2. Nf3 e6 3. d4 cxd4 4. Nxd4 a6 5. c4 Nf6 6. f3 Bb4+ 7. Nc3 0-0 8. a3 Bxc3+ 9. bxc3 Qa5 10. Qb3 Nc6 11. Nxc6 dxc6 12. Be3 b5 13. cxb5 axb5 14. Be2 e5 15. 0-0 Be6 16. Qb4 Qc7 17. c4 Ra4 18. Qb3 Bxc4 19. Bxc4 Rxc4 20. Rfd1 h6 21. h3 Rd8 22. Rxd8+ Qxd8 23. Rd1 Qa5 24. Rd3 Qe1+ 25. Kh2 Nh5 26. Qb2 Qg3+ 27. Kg1 Nf4 28. Bxf4 Qxf4 29. Rd2 Qe3+ 30. Kh2 Rc3 31. Rd8+ Kh7 32. Rd2 Qf4+ 33. Kg1 Re3 34. Rf2 Re1+ 35. Rf1 Qe3+ 36. Qf2 Rxf1+ 37. Kxf1 Qxa3 38. Qd2 Qa1+ 39. Kf2 Qd4+ 40. Qxd4 exd4 0-1

[Event "COL-chT (Women)"]
[Site "Bucaramanga"]
[Date "2022.09.09"]
[Round "5.2"]
[White "Salcedo, Jackeline"]
[Black "Sanchez Penagos, Rubiela"]
[Result "1-0"]
[WhiteElo "1988"]
[BlackElo "1578"]
[PlyCount "107"]
[EventDate "2022.09.06"]
[EventType "team-swiss"]
[EventRounds "6"]
[EventCountry "COL"]
[SourceTitle "CBM 210 Extra"]
[Source "ChessBase"]
[SourceDate "2022.11.30"]
[SourceVersion "1"]
[SourceVersionDate "2022.11.30"]
[SourceQuality "1"]
[WhiteTeam "Valle (W)"]
[BlackTeam "Cundinamarca (W)"]
[WhiteTeamCountry "COL"]
[BlackTeamCountry "COL"]

1. d4 Nf6 2. c4 g6 3. Nc3 Bg7 4. e4 d6 5. h3 0-0 6. Be3 a6 7. g4 Nbd7 8. g5 Ne8 9. h4 e5 10. Nge2 f5 11. exf5 gxf5 12. f4 c6 13. Qd2 b5 14. Bg2 e4 15. cxb5 axb5 16. h5 Nb6 17. h6 Bh8 18. Ng3 Nc4 19. Qe2 d5 20. b3 Ncd6 21. Qh5 Be6 22. Qh3 c5 23. Nge2 b4 24. Na4 Rxa4 25. bxa4 c4 26. a3 b3 27. Bd2 Qb6 28. Bc3 Nc7 29. Rb1 Ra8 30. a5 Qb8 31. Bb4 Ncb5 32. Qe3 Nb7 33. a4 N5d6 34. Qd2 Qc7 35. 0-0 Nxa5 36. Rfc1 Bd7 37. Nc3 Be6 38. Ne2 Nc6 39. Bc3 Rxa4 40. Ra1 Rxa1 41. Rxa1 Qb8 42. Bb2 Nb5 43. Kf2 Bf7 44. Bh3 Bg6 45. Ke3 Kf7 46. Kf2 Ke6 47. Ra6 Qb7 48. Rxc6+ Qxc6 49. Qb4 Qb6 50. Qf8 Bxd4+ 51. Nxd4+ Nxd4 52. Qf6+ Kd7 53. Qxb6 Nc6 54. Qb7+ 1-0

[Event "COL-chT (Women)"]
[Site "Bucaramanga"]
[Date "2022.09.08"]
[Round "3.2"]
[White "Salcedo, Jackeline"]
[Black "Rivera, Ingris"]
[Result "0-1"]
[WhiteElo "1988"]
[BlackElo "2216"]
[PlyCount "58"]
[EventDate "2022.09.06"]
[EventType "team-swiss"]
[EventRounds "6"]
[EventCountry "COL"]
[SourceTitle "CBM 210 Extra"]
[Source "ChessBase"]
[SourceDate "2022.11.30"]
[SourceVersion "1"]
[SourceVersionDate "2022.11.30"]
[SourceQuality "1"]
[WhiteTeam "Valle (W)"]
[BlackTeam "Bolivar (W)"]
[WhiteTeamCountry "COL"]
[BlackTeamCountry "COL"]

1. d4 Nf6 2. c4 g6 3. Nc3 Bg7 4. e4 d6 5. Nf3 0-0 6. Be2 e5 7. 0-0 Nc6 8. d5 Ne7 9. Nd2 Ne8 10. b4 f5 11. f3 f4 12. c5 g5 13. Bb2 h5 14. Rc1 Ng6 15. Nc4 Rf7 16. a4 Bf8 17. cxd6 cxd6 18. b5 Nf6 19. Ba3 g4 20. b6 a6 21. Qb3 Ne8 22. Na5 Qh4 23. Rc2 g3 24. h3 Bxh3 25. gxh3 Qxh3 26. Bd1 Nh4 27. Re1 g2 28. Qc4 Rg7 29. Bb4 Qh1+ 0-1

[Event "Pereira Gildardo Garcia Memorial-A"]
[Site "Pereira"]
[Date "2022.05.22"]
[Round "9"]
[White "Salcedo, Jackeline"]
[Black "Orbe Vivero, Veronica Priscila"]
[Result "1-0"]
[WhiteElo "2005"]
[BlackElo "1636"]
[PlyCount "69"]
[EventDate "2022.05.18"]
[EventType "swiss"]
[EventRounds "10"]
[EventCountry "COL"]
[SourceTitle "CBM 208 Extra"]
[Source "ChessBase"]
[SourceDate "2022.07.31"]
[SourceVersion "1"]
[SourceVersionDate "2022.07.31"]
[SourceQuality "1"]

1. d4 Nf6 2. c4 g6 3. Nc3 Bg7 4. e4 d6 5. h3 Na6 6. Be3 c5 7. d5 0-0 8. Qd2 e6 9. Nge2 exd5 10. cxd5 b5 11. Ng3 b4 12. Nd1 Re8 13. Bb5 Re7 14. 0-0 Qa5 15. Bd3 c4 16. Bxc4 Nxe4 17. Nxe4 Rxe4 18. Rc1 Bb7 19. f3 Re7 20. a3 Rae8 21. Bf2 Qa4 22. Bg3 Be5 23. f4 Bg7 24. f5 Re4 25. f6 Bf8 26. Nf2 Rxc4 27. Rxc4 Qb3 28. Re4 Rc8 29. Ng4 Bxd5 30. Re3 Rc2 31. Nh6+ Bxh6 32. Re8+ Bf8 33. Bxd6 h6 34. Rxf8+ Kh7 35. Rh8+ 1-0

[Event "Pereira Gildardo Garcia Memorial-A"]
[Site "Pereira"]
[Date "2022.05.18"]
[Round "1"]
[White "Salcedo, Jackeline"]
[Black "Hernandez Montes, Jhon Sebastian"]
[Result "0-1"]
[WhiteElo "2005"]
[BlackElo "2241"]
[PlyCount "53"]
[EventDate "2022.05.18"]
[EventType "swiss"]
[EventRounds "10"]
[EventCountry "COL"]
[SourceTitle "CBM 208 Extra"]
[Source "ChessBase"]
[SourceDate "2022.07.31"]
[SourceVersion "1"]
[SourceVersionDate "2022.07.31"]
[SourceQuality "1"]

1. c4 Nf6 2. Nc3 g6 3. e4 d6 4. d4 Bg7 5. f3 Nc6 6. Be3 a6 7. Nge2 0-0 8. Qd2 Re8 9. h3 e5 10. d5 Na5 11. Nc1 c5 12. a3 b6 13. b4 Nb7 14. g4 Bd7 15. Be2 Qc7 16. Nb3 Rf8 17. Bg5 Rfc8 18. Rc1 Qd8 19. h4 cxb4 20. axb4 a5 21. h5 axb4 22. Nb5 Bxb5 23. cxb5 Nc5 24. Qxb4 Ra4 25. Qc3 Ra3 26. Bd1 Nfxe4 27. Bxd8 0-1

[Event "Liga Vallecaucana"]
[Site "Cali"]
[Date "2022.04.02"]
[Round "7.1"]
[White "Balza Rodriguez, Oswaldo de Jesus"]
[Black "Salcedo, Jackeline"]
[Result "1-0"]
[WhiteElo "2135"]
[BlackElo "2011"]
[PlyCount "127"]
[EventDate "2022.03.30"]
[EventType "schev"]
[EventRounds "7"]
[EventCountry "COL"]
[SourceTitle "EXT 2023"]
[Source "ChessBase"]
[SourceDate "2022.10.05"]
[SourceVersion "1"]
[SourceVersionDate "2022.10.05"]
[SourceQuality "1"]
[WhiteTeam "Equipo A"]
[BlackTeam "Equipo B"]
[WhiteTeamCountry "COL"]
[BlackTeamCountry "COL"]

1. Nf3 d5 2. c4 c6 3. e3 Nf6 4. Nc3 e6 5. Qc2 Bd6 6. d4 Nbd7 7. Be2 0-0 8. 0-0 dxc4 9. a4 e5 10. Bxc4 exd4 11. exd4 Nb6 12. Bd3 h6 13. Ne5 Nbd5 14. Bc4 Be6 15. Qb3 Qc8 16. Bd2 Nxc3 17. bxc3 Bxc4 18. Nxc4 Bc7 19. Rfe1 Rb8 20. h3 Qf5 21. Qb1 Qd5 22. Ne5 c5 23. Be3 Rfe8 24. Nf3 c4 25. Nd2 a6 26. Qc2 b5 27. axb5 axb5 28. Ra6 Nd7 29. Nf3 Nb6 30. Ra7 Rbc8 31. Rb1 Na4 32. Ra6 Rb8 33. Nh4 Qe4 34. Qxe4 Rxe4 35. Nf5 Nxc3 36. Rba1 Nd5 37. Rc6 Re6 38. Rc5 Nxe3 39. fxe3 Bd6 40. Nxd6 Rxd6 41. Rb1 Rdb6 42. Kf2 Kf8 43. e4 R8b7 44. d5 Ke7 45. Ke3 f6 46. Kd4 Kd6 47. g4 Rb8 48. h4 R8b7 49. g5 hxg5 50. hxg5 Rc7 51. gxf6 gxf6 52. Rf1 Rxc5 53. Rxf6+ Kc7 54. Rf7+ Kb8 55. Kxc5 Rb7 56. Rf3 Rc7+ 57. Kxb5 c3 58. d6 Rb7+ 59. Kc6 Rb4 60. Rxc3 Rxe4 61. Rb3+ Ka8 62. d7 Rd4 63. Rb5 Rd1 64. Rd5 1-0

[Event "COL-ch U2300"]
[Site "Pereira"]
[Date "2022.02.19"]
[Round "7"]
[White "Salcedo, Jackeline"]
[Black "Garcia Alarcon, Alvaro"]
[Result "1/2-1/2"]
[WhiteElo "2018"]
[BlackElo "1989"]
[PlyCount "100"]
[EventDate "2022.02.16"]
[EventType "swiss"]
[EventRounds "9"]
[EventCountry "COL"]
[SourceTitle "CBM 207 Extra"]
[Source "ChessBase"]
[SourceDate "2022.05.31"]
[SourceVersion "1"]
[SourceVersionDate "2022.05.31"]
[SourceQuality "1"]

1. d4 Nf6 2. c4 g6 3. Nc3 Bg7 4. e4 d6 5. f3 0-0 6. Bg5 a6 7. Qd2 c6 8. Nge2 b5 9. Ng3 Re8 10. Be2 Nbd7 11. 0-0 b4 12. Nd1 Qb6 13. Nf2 a5 14. Rac1 c5 15. d5 a4 16. Be3 Qc7 17. Nd3 Nb6 18. f4 Nfd7 19. Bf3 Ba6 20. b3 axb3 21. axb3 Bb7 22. Qf2 Ra3 23. Bd1 Na4 24. e5 Nc3 25. Rxc3 bxc3 26. Ne4 Ra1 27. Nxc3 Rf8 28. Na4 dxe5 29. fxe5 Nxe5 30. Ndxc5 Bc8 31. h3 Nd7 32. Bd4 Bxd4 33. Qxd4 Ra2 34. Ne4 Qe5 35. Qd3 Ba6 36. Qf3 Qd4+ 37. Kh1 Ne5 38. Qf4 Nd3 39. Qf3 Bc8 40. Nac3 Ne5 41. Qf4 Nd3 42. Qh4 Ne5 43. Qf4 Ra1 44. Na4 Nd3 45. Qf3 Ba6 46. Qf4 Ra2 47. Qf3 Ra1 48. Nac3 Bc8 49. Ne2 Ba6 50. N2c3 Nb4 1/2-1/2

[Event "COL-ch U2300"]
[Site "Pereira"]
[Date "2022.02.18"]
[Round "4"]
[White "Becerra, Juan David"]
[Black "Salcedo, Jackeline"]
[Result "1-0"]
[WhiteElo "2291"]
[BlackElo "2018"]
[PlyCount "127"]
[EventDate "2022.02.16"]
[EventType "swiss"]
[EventRounds "9"]
[EventCountry "COL"]
[SourceTitle "CBM 207 Extra"]
[Source "ChessBase"]
[SourceDate "2022.05.31"]
[SourceVersion "1"]
[SourceVersionDate "2022.05.31"]
[SourceQuality "1"]

1. e4 e6 2. d4 d5 3. Bd3 Nf6 4. e5 Nfd7 5. f4 c5 6. c3 Nc6 7. Nf3 Qb6 8. Bc2 cxd4 9. cxd4 Nb4 10. Bb3 Qa6 11. Qe2 Qxe2+ 12. Kxe2 b6 13. Rd1 Ba6+ 14. Ke3 Bc4 15. Na3 Bxb3 16. axb3 Be7 17. Bd2 0-0 18. Rdc1 Rac8 19. Bxb4 Bxb4 20. Nc2 a5 21. Nxb4 axb4 22. Ne1 Nb8 23. Rxc8 Rxc8 24. Ra8 Rd8 25. Nd3 Nc6 26. Rxd8+ Nxd8 27. Nxb4 f6 28. Na6 fxe5 29. dxe5 Nc6 30. b4 g5 31. b5 gxf4+ 32. Kxf4 Ne7 33. Nc7 Kf7 34. Na8 Nc8 35. g4 Kg6 36. Nc7 Kf7 37. h4 Ne7 38. h5 Nc8 39. Na8 Kg8 40. Ke3 Kf7 41. Kd4 Ke7 42. Ke3 Kf7 43. Kd3 Kg7 44. Kd4 Kf7 45. g5 Kf8 46. Nc7 Kf7 47. g6+ hxg6 48. hxg6+ Kxg6 49. Nxe6 Kf5 50. Nc7 Ne7 51. Nxd5 Nc8 52. Nc7 Ne7 53. e6 Kf6 54. Nd5+ Kxe6 55. Nxe7 Kxe7 56. Ke5 Kd7 57. Kd5 Kc7 58. Ke6 Kc8 59. Kd6 Kb8 60. Kc6 Ka7 61. Kc7 Ka8 62. Kxb6 Kb8 63. Ka6 Ka8 64. b6 1-0

[Event "COL-ch U2300"]
[Site "Pereira"]
[Date "2022.02.17"]
[Round "2"]
[White "Gonzalez Velasco, Leandro"]
[Black "Salcedo, Jackeline"]
[Result "1-0"]
[WhiteElo "1929"]
[BlackElo "2018"]
[PlyCount "112"]
[EventDate "2022.02.16"]
[EventType "swiss"]
[EventRounds "9"]
[EventCountry "COL"]
[SourceTitle "CBM 207 Extra"]
[Source "ChessBase"]
[SourceDate "2022.05.31"]
[SourceVersion "1"]
[SourceVersionDate "2022.05.31"]
[SourceQuality "1"]

1. e4 e6 2. d4 d5 3. Nd2 c5 4. Ngf3 cxd4 5. exd5 Qxd5 6. Bc4 Qd6 7. 0-0 Nf6 8. Nb3 Nc6 9. Nbxd4 Nxd4 10. Nxd4 Bd7 11. Bg5 a6 12. Bb3 Be7 13. c3 e5 14. Nf3 Bg4 15. Qxd6 Bxd6 16. Nxe5 Bxe5 17. Rae1 Nd7 18. f4 f6 19. Bh4 0-0-0 20. fxe5 Nxe5 21. Bg3 Nd3 22. Re4 Bd7 23. Rc4+ Bc6 24. Bc2 Rhe8 25. Rf3 Ne5 26. Bf5+ Kb8 27. Re3 Rd1+ 28. Kf2 Rd2+ 29. Kf1 Bb5 30. Ke1 Red8 31. Rd4 R2xd4 32. cxd4 Rxd4 33. Rxe5 Ka8 34. Rc5 Bc6 35. Bf2 Rb4 36. b3 g6 37. Bd3 Kb8 38. Rc4 Rxc4 39. Bxc4 Bxg2 40. Bd4 f5 41. Bg8 Be4 42. Bxh7 g5 43. b4 g4 44. Kf2 Kc8 45. Ke3 Kd7 46. Kf4 Ke6 47. Be5 Bb1 48. a4 b5 49. a5 Be4 50. Bg8+ Ke7 51. Ke3 Kd7 52. Kd4 Kc6 53. Be6 Bc2 54. Bd5+ Kd7 55. Bb7 f4 56. Bxf4 Bf5 1-0

[Event "COL-ch Blitz (Women)"]
[Site "Villavicencio"]
[Date "2021.11.15"]
[Round "13"]
[White "Mateus, Martha"]
[Black "Salcedo, Jackeline"]
[Result "1/2-1/2"]
[WhiteElo "1938"]
[BlackElo "1984"]
[PlyCount "24"]
[EventDate "2021.11.15"]
[EventType "swiss (blitz)"]
[EventRounds "13"]
[EventCountry "COL"]
[SourceTitle "CBM 205 Extra"]
[Source "ChessBase"]
[SourceDate "2022.01.31"]
[SourceVersion "1"]
[SourceVersionDate "2022.01.31"]
[SourceQuality "1"]

1. e4 e6 2. d3 d5 3. Nd2 c5 4. Ngf3 Nc6 5. g3 Nf6 6. Bg2 d4 7. 0-0 e5 8. Ne1 Bd6 9. h3 Bd7 10. f4 Qc7 11. Nc4 0-0-0 12. Nxd6+ Qxd6 1/2-1/2

[Event "COL-ch Rapid (Women)"]
[Site "Villavicencio"]
[Date "2021.11.14"]
[Round "9"]
[White "Chirivi Castiblanco, Angie Lizeth"]
[Black "Salcedo, Jackeline"]
[Result "1-0"]
[WhiteElo "1882"]
[BlackElo "1985"]
[PlyCount "97"]
[EventDate "2021.11.13"]
[EventType "swiss (rapid)"]
[EventRounds "9"]
[EventCountry "COL"]
[SourceTitle "CBM 205 Extra"]
[Source "ChessBase"]
[SourceDate "2022.01.31"]
[SourceVersion "1"]
[SourceVersionDate "2022.01.31"]
[SourceQuality "1"]

1. Nf3 Nf6 2. g3 d5 3. Bg2 c6 4. b3 h6 5. Bb2 Bf5 6. 0-0 Nbd7 7. d3 Qc7 8. Nbd2 e5 9. c4 d4 10. a3 a5 11. Re1 Be7 12. Nf1 0-0 13. e3 dxe3 14. Nxe3 Bh7 15. d4 exd4 16. Nxd4 Nc5 17. Nef5 Rfe8 18. b4 axb4 19. axb4 Na6 20. b5 Bxf5 21. bxa6 Bg4 22. Qc2 Bd7 23. axb7 Rxa1 24. Bxa1 Qxb7 25. Nf5 Bxf5 26. Qxf5 Bd8 27. Rxe8+ Nxe8 28. h4 Bf6 29. Bxf6 Nxf6 30. Qf3 Qb1+ 31. Bf1 Qb6 32. Kg2 Qc5 33. Bd3 Qd6 34. Bc2 g6 35. c5 Qxc5 36. Bxg6 Qd5 37. Qxd5 Nxd5 38. Be4 Ne7 39. Kf3 Kg7 40. Ke3 Kf6 41. Kd4 Ke6 42. Kc5 Kd7 43. g4 Kc7 44. f4 Kd7 45. h5 Kc7 46. g5 hxg5 47. fxg5 f5 48. gxf6 Kd7 49. f7 1-0

[Event "COL-ch Rapid (Women)"]
[Site "Villavicencio"]
[Date "2021.11.14"]
[Round "7"]
[White "Orozco, Lina Yomayra"]
[Black "Salcedo, Jackeline"]
[Result "0-1"]
[WhiteElo "2070"]
[BlackElo "1985"]
[PlyCount "74"]
[EventDate "2021.11.13"]
[EventType "swiss (rapid)"]
[EventRounds "9"]
[EventCountry "COL"]
[SourceTitle "CBM 205 Extra"]
[Source "ChessBase"]
[SourceDate "2022.01.31"]
[SourceVersion "1"]
[SourceVersionDate "2022.01.31"]
[SourceQuality "1"]

1. e4 e6 2. d4 d5 3. Nd2 Nf6 4. e5 Nfd7 5. Bd3 c5 6. c3 Nc6 7. Ne2 cxd4 8. cxd4 f6 9. Nf4 Nxd4 10. Qh5+ Ke7 11. Ng6+ hxg6 12. exf6+ Nxf6 13. Qxh8 Kf7 14. Qh4 e5 15. 0-0 Bf5 16. Bxf5 gxf5 17. Nb3 Nxb3 18. axb3 d4 19. Bg5 Be7 20. Rfe1 e4 21. Qh3 Qd5 22. Rec1 Bd6 23. Ra4 d3 24. Rac4 b5 25. R4c3 Re8 26. Qe3 Bxh2+ 27. Kf1 Bd6 28. Qxa7+ Kg6 29. Bxf6 Kxf6 30. Qe3 Rh8 31. Kg1 Bh2+ 32. Kf1 Bf4 33. Qb6+ Kg5 34. Kg1 Bh2+ 35. Kf1 Bc7 36. Qe3+ Bf4 37. Qb6 Rh1# 0-1